LEADER 01358nam--2200409---450- 001 990000755680203316 005 20060724111450.0 010 $a88-495-0022-X 035 $a0075568 035 $aUSA010075568 035 $a(ALEPH)000075568USA01 035 $a0075568 100 $a20011120d2001----km-y0itay0103----ba 101 0 $aita 102 $aIT 105 $a||||||||001yy 200 1 $aMazzarino a l'arte italiana in Francia$ela pittura e il teatro per musica italiani dalla Roma dei Barberini alla corte di Luigi 14.$fRaffaele Scalamandrč 210 $aNapoli$cEdizioni Scientifiche Italiane$dcopyr. 2001 215 $a192 p.$d22 cm 225 2 $aLutetia$v7 410 0$12001$aLutetia$v9 600 $aMazzarino, Giulio Raimondo 676 $a945.821 700 1$aSCALAMANDRE,$bRaffaele$0388138 801 0$aIT$bsalbc$gISBD 912 $a990000755680203316 951 $aXII.2.B. 1171(II f B COLL 71/7)$b160534 L.M.$cII f B COLL$d00078352 959 $aBK 969 $auma 979 $aCHIARA$b40$c20011120$lUSA01$h1640 979 $aCHIARA$b40$c20011120$lUSA01$h1645 979 $c20020403$lUSA01$h1723 979 $aPATRY$b90$c20040406$lUSA01$h1652 979 $aCOPAT3$b90$c20050909$lUSA01$h1150 979 $aCOPAT1$b90$c20060724$lUSA01$h1114 996 $aMazzarino a l'arte italiana in Francia$9965026 997 $aUNISA LEADER 04796nam 2200661 a 450 001 9910781544603321 005 20230725054309.0 010 $a1-118-10608-3 010 $a1-283-39805-2 010 $a9786613398055 010 $a1-118-10611-3 035 $a(CKB)2550000000073581 035 $a(EBL)697574 035 $a(OCoLC)768731720 035 $a(SSID)ssj0000552138 035 $a(PQKBManifestationID)11352762 035 $a(PQKBTitleCode)TC0000552138 035 $a(PQKBWorkID)10564671 035 $a(PQKB)11763349 035 $a(MiAaPQ)EBC697574 035 $a(EXLCZ)992550000000073581 100 $a20110406d2011 uy 0 101 0 $aeng 135 $aur|n|---||||| 181 $ctxt 182 $cc 183 $acr 200 14$aThe sustainable sites handbook$b[electronic resource] /$fMeg Calkins 210 $aHoboken, N.J. $cWiley$d2011 215 $a1 online resource (562 p.) 225 1 $aWiley book on sustainable design 225 0 $aWiley desktop editions 300 $aDescription based upon print version of record. 311 $a0-470-64355-2 320 $aIncludes bibliographical references index. 327 $aThe Sustainable Sites Handbook; Foreword; Acknowledgments; Chapter 1: Introduction; Sustainable SITE Design Defined; The Contents and Structure of This Book; Chapter 2: Predesign: Site Selection, Assessment, and Planning; Site Selection; Understanding the Site; Team Development and Planning Strategies; Developing Project Direction: Principles, Goals, and Performance Targets; Chapter 3: Site Design: Water; Sustainable Stormwater Management; Stormwater Design Approaches; Water Conservation; Onsite Wastewater Treatment, Disposal, and Reuse; Chapter 4: Site Design: Vegetation 327 $aVegetation and Ecosystem ServicesVegetation Protection Techniques; Sustainable Planting Design and Management; Chapter 5: Site Design: Soils; Integrating Soil into the Design Process; Soils in the Site Assessment; Soil Characteristics and Associated Tests; Managing Soils for a Sustainable Site; Soil Replacement and Specialized Soils; The Soil Management Plan; Chapter 6: Site Design: Materials and Resources; The Lifecycle of Construction Materials and Products; Environmental Impacts of Materials and Products; Human Health Impacts of Materials 327 $aEvaluating Environmental and Human Health Impacts of MaterialsSite and Regional Assessment for Materials; Resource Efficiency; Low-VOC Materials and Products; Materials to Minimize Heat Island Impacts; Concrete; Aggregates and Stone; Asphalt; Brick Masonry; Earthen Materials; Plastics; Metals; Bio-Based Materials; Wood; Site Lighting; Chapter 7: Human Health and Well-Being for Sustainable Sites; Assessing the Site's Social Setting; SUSTAINABILITY AWARENESS AND EDUCATION; Social Equality in Site Development, Construction, and Use; Site Accessibility; Site Wayfinding; Site Safety 327 $aDesign for Physical ActivityRestorative Settings; Design for Social Interaction and Community Building; Preserving Historic and Cultural Features; Chapter 8: Operations, Maintenance, Monitoring, and Stewardship; Environmental and Human Health Impacts of Sustainable Site Operations, Maintenance, and Monitoring; Incorporating Operations, Maintenance, and Monitoring Considerations into Site Design; Monitoring to Inform Active and Adaptive Stewardship; Resources; Index; Advertisement 330 $a"This official reference guide to the Sustainable Sites Initiative Rating System contains information on principles, strategies, technologies, tools, and best practices for sustainable site design applicable to any type of designed landscape, with or without buildings, ranging from shopping malls, streetscapes, subdivisions, corporate and academic campuses, transportation corridors, parks and recreation areas, all the way to single family homes. Equally useful as a guide to achieving SSI credits, or as a guide to independent pursuit of sustainable sites, it offers in-depth coverage on important "green" topics"--$cProvided by publisher. 410 0$aWiley book on sustainable design. 606 $aLandscape ecology$vHandbooks, manuals, etc 606 $aSustainable development$xEvaluation$vHandbooks, manuals, etc 606 $aEnvironmental management$xEvaluation$vHandbooks, manuals, etc 615 0$aLandscape ecology 615 0$aSustainable development$xEvaluation 615 0$aEnvironmental management$xEvaluation 676 $a577.5/5 676 $a712 686 $aARC008000$2bisacsh 700 $aCalkins$b Meg$f1965-$01478298 801 0$bMiAaPQ 801 1$bMiAaPQ 801 2$bMiAaPQ 906 $aBOOK 912 $a9910781544603321 996 $aThe sustainable sites handbook$93693953 997 $aUNINA